000
00330nam a2200145Ia 4500
100
_a
Hansen/b.L/ Ghare/P.M
942
_c
BK
654
_a
Quality Control
245
_a
Quality control and appication
260
_b
Prentice-hall
_a
New Delhi
_c
1987
082
_a
658.562
_b
HAN
300
_a
358
546
_a
ENGLISH
999
_c
24235
_d
24235